Music Quiz

Random Music or Artist Quiz

Finish the Song Title Quiz Stats

Quiz Updated Feb 7, 2016

Also try: Title Not in Song
Challenge
Share
Tweet
Embed
Score 0/34 Timer 06:00
3 Plays Today
Start of title End of title % Correct
Girls Just...Want to Have Fun
89.7%
Should I Stay...Or Should I Go
85.6%
Total Eclipse...Of the Heart
83.5%
I Heard It...Through the Grapevine
81.5%
When a Man...Loves a Woman
80.8%
You Can't Always...Get What You Want
78.7%
Video Killed...The Radio Star
77.6%
You Shook...Me All Night Long
72.1%
You Give Love...A Bad Name
71.2%
Why Do Fools...Fall in Love
71%
Devil Went...Down to Georgia
68.8%
Pour Some...Sugar On Me
67.8%
Sweet Dreams...(Are Made of This)
66.3%
Killing Me Softly...With His Song
66%
(Sittin' On)...The Dock of the Bay
62.3%
Can't Get You...Out of My Head
61.1%
You've Lost...That Lovin' Feelin'
57.9%
Start of title End of title % Correct
While My...Guitar Gently Weeps
52.9%
Can't Help...Falling in Love
52.7%
Rock You...Like a Hurricane
48.9%
It's the End of the World...As We Know It (And I Feel Fine)
48.9%
Papa's Got...A Brand New Bag
46.3%
I Still...Haven't Found What I'm Looking For
41.2%
The Times...They Are a-Changin'
40.6%
You Are the...Sunshine of My Life
39.1%
Rockin' in...The Free World
32.7%
I'm So Lonesome...I Could Cry
31.9%
We Gotta Get...Out of This Place
31.3%
Whole Lotta...Shakin' Goin' On
30.3%
What Have You...Done for Me Lately
24.7%
Reach Out...I'll Be There
20.3%
Jeanie with the...Light Brown Hair
12%
Thank You...(Falettinme Be Mice Elf Agin)
5.4%
I Can't Live...Without My Radio
3.7%

You're not logged in!

Compare scores with friends on all Sporcle quizzes.
Sign Up with Email
OR
Log In

You Might Also Like...

Show Comments

Extras

Top Quizzes Today


Score Distribution

Your Account Isn't Verified!

In order to create a playlist on Sporcle, you need to verify the email address you used during registration. Go to your Sporcle Settings to finish the process.